Pays ayant eu un confinement pendant la Covid-19 - Statistiques

Statistiques générales
  • Ce quiz a été pris 47 fois
  • Le résultat moyen est 51 sur 95
Statistiques - réponses
Continent Pays % Correct
Afrique Algérie
93%
Europe France
90%
Europe Italie
90%
Afrique Maroc
90%
Europe Belgique
88%
Europe Espagne
88%
Asie Chine
86%
Afrique Tunisie
86%
Afrique Égypte
83%
Asie Japon
83%
Europe Portugal
83%
Europe Royaume-Uni
83%
Afrique Afrique du Sud
81%
Amériques États-Unis
81%
Europe Russie
81%
Amériques Canada
79%
Europe Turquie
79%
Amériques Argentine
74%
Amériques Chili
74%
Europe Suède
74%
Océanie Australie
69%
Europe Irlande
69%
Afrique République démocratique du Congo
69%
Europe Grèce
67%
Amériques Colombie
64%
Asie Corée du Sud
64%
Asie Iran
64%
Europe Hongrie
62%
Asie Inde
62%
Asie Indonésie
62%
Amériques Pérou
62%
Afrique Sénégal
62%
Europe Slovénie
62%
Europe Ukraine
62%
Asie Irak
60%
Europe Roumanie
60%
Europe Slovaquie
60%
Asie Thaïlande
60%
Europe Croatie
57%
Océanie Nouvelle-Zélande
57%
Europe Tchéquie
57%
Amériques Venezuela
57%
Asie Vietnam
57%
Moyen-Orient Arabie saoudite
55%
Amériques Bolivie
55%
Amériques Équateur
55%
Europe Estonie
55%
Moyen-Orient Israël
55%
Europe Pologne
55%
Europe Autriche
52%
Europe Biélorussie
52%
Europe Bulgarie
52%
Moyen-Orient Liban
52%
Amériques Paraguay
52%
Moyen-Orient Émirats arabes unis
50%
Europe Lituanie
50%
Asie Pakistan
50%
Europe Chypre
48%
Afrique Ghana
48%
Asie Laos
48%
Europe Malte
48%
Moyen-Orient Qatar
48%
Europe Lettonie
45%
Asie Afghanistan
43%
Afrique Angola
43%
Asie Malaisie
43%
Moyen-Orient Oman
43%
Amériques Panama
43%
Asie Bangladesh
40%
Asie Cambodge
40%
Amériques Honduras
40%
Amériques Guatemala
38%
Moyen-Orient Jordanie
38%
Asie Philippines
38%
Afrique Tanzanie
38%
Afrique Botswana
33%
Afrique Éthiopie
33%
Asie Népal
33%
Amériques Nicaragua
33%
Asie Birmanie
31%
Océanie Fidji
31%
Afrique Ouganda
29%
Amériques Salvador
29%
Afrique Zambie
29%
Afrique Zimbabwe
29%
Moyen-Orient Bahreïn
26%
Afrique Mozambique
26%
Océanie Papouasie-Nouvelle-Guinée
26%
Asie Sri Lanka
26%
Moyen-Orient Koweït
24%
Afrique Namibie
24%
Asie Taïwan
24%
Afrique Rwanda
21%
Amériques République dominicaine
14%
Asie Maldives
10%
Aucun quiz correspondant
Distribution des résultats
% des personnes avec chaque résultat
Percentile par nombre de réponses
Votre historique - résultats
Vous n’avez pas pris ce quiz